00179 a2200073 450000100060000010000220000624500440002826000330007263106 aJunken's, John L. aOptimal spacecraft rotational maneuvers bElsever Scientific Pubc1985